000 00627nam a2200205Ia 4500
003 GCL
008 140319s9999 xx 000 0 ara d
040 _aGCL /
_cGCL
082 0 4 _a320
_bس ت
100 1 _aجون كاوتسكى
245 1 0 _aالتحولات السياسية فى البلدان المختلفة /
_cجون كاوتسكى
700 1 _aجمال نعيم عون
260 _a[S.N] :
_bدار الحقيقة للطباعة والنشر ،
_c1980
300 _a171 ص
490 _a
650 0 4 _aالشيوعية
650 0 4 _aالسياسة الدولية
650 0 4 _aاوربا
942 _2ddc
_cBK
999 _c57309
_d57309